تفھیم القرآن (Record no. 14775)
[ view plain ]
| 000 -LEADER | |
|---|---|
| fixed length control field | 00282nam a22001217a 4500 |
| 082 ## - DEWEY DECIMAL CLASSIFICATION NUMBER | |
| Classification number | 297٫16MUA |
| 100 ## - MAIN ENTRY--AUTHOR NAME | |
| Personal name | ابو الا علی مودعدی |
| 245 ## - TITLE STATEMENT | |
| Title | تفھیم القرآن |
| 250 ## - EDITION STATEMENT | |
| Edition statement | Vol 4 and Vol 1 |
| 260 ## - PUBLICATION, DISTRIBUTION, ETC. (IMPRINT) | |
| Place of publication | لاھور |
| Year of publication | ۱۹۸۸ |
| 300 ## - PHYSICAL DESCRIPTION | |
| Number of Pages | IRP |
| 942 ## - ADDED ENTRY ELEMENTS (KOHA) | |
| Koha item type | Books |
| Withdrawn status | Lost status | Permanent Location | Current Location | Date acquired | Cost, normal purchase price | Full call number | Accession Number | Koha item type |
|---|---|---|---|---|---|---|---|---|
| Central Library, QUEST, Nawabshah | Central Library, QUEST, Nawabshah | 2015-11-24 | 100.00 | 297MUA | 13230 | Books |